000 00842cam a22003017a 4500
003 CHAP
005 20220329134548.0
008 971013s1946 r 00010 d
010 _a22238
011 _a23210
035 _a27305
040 _cCHAP
082 _a368.01
_bD82
100 0 0 _aDublin, Louis I.
_934326
245 1 4 _aThe money value of a man
260 _aNew York :
_bRonald, Press,
_c1946
300 _a214 p.
590 _aBATCH-UPD
_b10
_c20130110
_lUCH01
_h1125
590 _aCONVERSION
_b10
_c20130109
_lUCH01
_h1313
650 1 4 _aCostos y nivel de vida
_xE.U.A.
_928527
650 1 4 _aSalarios
_xE.U.A.
_9101268
650 1 4 _aSeguros de vida.
_9103736
650 1 4 _aValor.
_9117667
700 0 _aLotka, Alfred J.
_968593
901 _aBK
942 _cLIBRO
949 _a368.01 D82
_bBC
_cBPA
_d-63248
_eBPA
_h6995
_i27305
_si
999 _c22238
_d22238